[Event "NB2 Szechenyi csoport"]
[Site "Zalaegerszeg"]
[Date "2024.11.17"]
[Round "2.3"]
[White "Ruboczki, Tibor"]
[Black "Csiszar, Zoltan"]
[Result "1/2-1/2"]
[WhiteElo "2038"]
[BlackElo "2231"]
[PlyCount "92"]
[EventDate "2024.11.03"]
[EventType "team-tourn"]
[EventRounds "11"]
[EventCountry "HUN"]
[Source "chess.hu"]
[SourceDate "2024.11.17"]
[WhiteTeam "Soproni MAFC"]
[BlackTeam "Z.Csuti-Hydrocomp SK"]
[WhiteTeamCountry "HUN"]
[BlackTeamCountry "HUN"]

1. d4 Nf6 2. g3 e6 3. Bg2 d5 4. Nf3 Be7 5. O-O O-O 6. b3 b6 7. Bb2 Bb7 8. Nbd2
c5 9. e3 Na6 10. c3 Nc7 11. a4 Nce8 12. Re1 Nd6 13. Ne5 Qc7 14. Rc1 Rfd8 15.
Qe2 Nde4 16. f3 Nxd2 17. Qxd2 Nd7 18. Nxd7 Qxd7 19. Ra1 Rac8 20. Kh1 Bf6 21. f4
g6 22. Ba3 Bg7 23. a5 Qc7 24. axb6 axb6 25. Bb2 Ra8 26. Bf1 Bc6 27. Kg1 Qd7 28.
Qe2 Qb7 29. Rec1 Bf8 30. Qd1 Ra5 31. Qe1 Rda8 32. b4 Rxa1 33. Rxa1 Rxa1 34.
Bxa1 cxb4 35. cxb4 Qa7 36. b5 Bd7 37. Bc3 Qa4 38. Qe2 Qb3 39. Bd2 Bb4 40. Bxb4
Qxb4 41. Qd3 Qe1 42. Qe2 Qxe2 43. Bxe2 Kf8 44. g4 f6 45. h4 Kf7 46. Kf2 Ke7
1/2-1/2

[Event "NB2 Szechenyi csoport"]
[Site "Zalaegerszeg"]
[Date "2024.11.17"]
[Round "2.4"]
[White "Horvath, Sandor"]
[Black "Grimsholm, Ola"]
[Result "1/2-1/2"]
[WhiteElo "2197"]
[BlackElo "2030"]
[PlyCount "96"]
[EventDate "2024.11.03"]
[EventType "team-tourn"]
[EventRounds "11"]
[EventCountry "HUN"]
[Source "chess.hu"]
[SourceDate "2024.11.17"]
[WhiteTeam "Z.Csuti-Hydrocomp SK"]
[BlackTeam "Soproni MAFC"]
[WhiteTeamCountry "HUN"]
[BlackTeamCountry "HUN"]

1. e4 c5 2. Nf3 d6 3. d4 cxd4 4. Qxd4 Nc6 5. Bb5 Bd7 6. Bxc6 Bxc6 7. Nc3 e6 8.
Bg5 Nf6 9. O-O-O Be7 10. Rhe1 Qb6 11. Qxb6 axb6 12. Nd4 O-O 13. f3 Ra5 14. Bd2
Ra6 15. a3 d5 16. Bg5 dxe4 17. Nxc6 bxc6 18. Nxe4 Ra7 19. Nxf6+ gxf6 20. Bh6
Rc8 21. Rd4 f5 22. g4 c5 23. Rd2 fxg4 24. Rg1 Bf6 25. Rxg4+ Kh8 26. h4 c4 27.
c3 b5 28. h5 Rg8 29. Rxg8+ Kxg8 30. Be3 Rb7 31. Rg2+ Kh8 32. Bg5 Bxg5+ 33. Rxg5
f5 34. h6 Rd7 35. Kc2 Rd3 36. Rg7 Rxf3 37. Re7 Kg8 38. Rxe6 Kf7 39. Rb6 Rf2+
40. Kc1 Rf1+ 41. Kc2 Rf2+ 42. Kc1 Rf1+ 43. Kd2 Rf2+ 44. Ke3 Rxb2 45. Kf4 Rb3
46. Kxf5 Rxc3 47. Rb7+ Kg8 48. Rb8+ Kf7 1/2-1/2

[Event "NB2 Szechenyi csoport"]
[Site "Zalaegerszeg"]
[Date "2024.11.17"]
[Round "2.5"]
[White "Gaal, Ede"]
[Black "Farkas, Zsolt"]
[Result "1/2-1/2"]
[WhiteElo "2015"]
[BlackElo "2120"]
[PlyCount "29"]
[EventDate "2024.11.03"]
[EventType "team-tourn"]
[EventRounds "11"]
[EventCountry "HUN"]
[Source "chess.hu"]
[SourceDate "2024.11.17"]
[WhiteTeam "Soproni MAFC"]
[BlackTeam "Z.Csuti-Hydrocomp SK"]
[WhiteTeamCountry "HUN"]
[BlackTeamCountry "HUN"]

1. e4 c5 2. Nf3 Nc6 3. Bb5 e6 4. Bxc6 bxc6 5. O-O Ne7 6. d4 cxd4 7. Qxd4 Ng6 8.
Re1 Qc7 9. Nc3 e5 10. Qc4 d6 11. Be3 Be6 12. Qa4 Bd7 13. Qc4 Be6 14. Qa4 Bd7
15. Qc4 1/2-1/2

[Event "NB2 Szechenyi csoport"]
[Site "Zalaegerszeg"]
[Date "2024.11.17"]
[Round "2.6"]
[White "Boronyak, Arpad"]
[Black "Horvath, Tibor"]
[Result "1-0"]
[WhiteElo "2026"]
[BlackElo "1915"]
[PlyCount "81"]
[EventDate "2024.11.03"]
[EventType "team-tourn"]
[EventRounds "11"]
[EventCountry "HUN"]
[Source "chess.hu"]
[SourceDate "2024.11.17"]
[WhiteTeam "Z.Csuti-Hydrocomp SK"]
[BlackTeam "Soproni MAFC"]
[WhiteTeamCountry "HUN"]
[BlackTeamCountry "HUN"]

1. e4 c5 2. Nc3 Nc6 3. f4 g6 4. Nf3 Bg7 5. Bc4 e6 6. O-O Nge7 7. Qe1 O-O 8. d3
d5 9. Bb3 Nd4 10. Nxd4 cxd4 11. Ne2 dxe4 12. dxe4 b5 13. Qf2 a5 14. a3 Bb7 15.
e5 a4 16. Ba2 Nc6 17. Rd1 Rc8 18. Nxd4 b4 19. Be3 Qe7 20. Nxc6 Rxc6 21. axb4
Qxb4 22. c3 Qa5 23. Bb3 Rd8 24. Rxa4 Rxd1+ 25. Bxd1 Qc7 26. Bf3 Ra6 27. Rxa6
Bxa6 28. Qd2 Qc4 29. h3 h6 30. Qd4 Qf1+ 31. Kh2 h5 32. b3 Bd3 33. c4 Bc2 34. b4
Qb1 35. c5 Bf8 36. Bd2 Ba4 37. c6 Qc2 38. Qc3 Qf5 39. c7 Bd7 40. Qd4 h4 41.
Qxd7 1-0

[Event "NB2 Szechenyi csoport"]
[Site "Zalaegerszeg"]
[Date "2024.11.17"]
[Round "2.7"]
[White "Lamik, Janos"]
[Black "Bardossi, Jeno"]
[Result "1/2-1/2"]
[WhiteElo "1969"]
[BlackElo "2063"]
[PlyCount "188"]
[EventDate "2024.11.03"]
[EventType "team-tourn"]
[EventRounds "11"]
[EventCountry "HUN"]
[Source "chess.hu"]
[SourceDate "2024.11.17"]
[WhiteTeam "Soproni MAFC"]
[BlackTeam "Z.Csuti-Hydrocomp SK"]
[WhiteTeamCountry "HUN"]
[BlackTeamCountry "HUN"]

1. d4 Nf6 2. Nf3 e6 3. g3 b6 4. Bg2 Bb7 5. c4 Bb4+ 6. Bd2 Qe7 7. a3 Bxd2+ 8.
Nbxd2 d6 9. Qc2 c5 10. e4 Nc6 11. e5 dxe5 12. Nxe5 Nxe5 13. Qa4+ Kf8 14. dxe5
Bxg2 15. Rg1 Nd7 16. Rxg2 Nxe5 17. O-O-O Qb7 18. f3 Rd8 19. Ne4 Ke7 20. Rgd2
Rxd2 21. Rxd2 Rd8 22. Rxd8 Kxd8 23. Qd1+ Qd7 24. Qe2 Qd4 25. Nd2 Ke7 26. Kc2 g6
27. f4 Nc6 28. Nf3 Qd6 29. Qe4 f6 30. Kc3 Kd7 31. g4 e5 32. fxe5 fxe5 33. g5
Qe6 34. b4 cxb4+ 35. axb4 Qh3 36. Qd5+ Kc7 37. b5 Ne7 38. Qxe5+ Kd7 39. Qf4 Nf5
40. Kb4 Qg2 41. Ne5+ Ke6 42. Nd3 Qe2 43. Kc3 Qe3 44. Qc7 Qd4+ 45. Kd2 Nd6 46.
Qxh7 Nxc4+ 47. Kc2 Ne3+ 48. Kd2 Nf1+ 49. Ke2 Qe3+ 50. Kxf1 Qxd3+ 51. Kf2 Qd2+
52. Kf3 Qxg5 53. Qg8+ Kd6 54. Qb8+ Kc5 55. Qxa7 Qf5+ 56. Kg3 Kxb5 57. Qb8 Qe6
58. h4 Ka5 59. Qd8 Kb4 60. Qd4+ Ka3 61. Qd8 Kb4 62. Qd4+ Kb5 63. Qd3+ Kc6 64.
Qc3+ Kd5 65. Qb3+ Ke5 66. Qc3+ Kd6 67. Qd4+ Ke7 68. Qg7+ Ke8 69. Qh8+ Kf7 70.
Qh7+ Kf6 71. Qh8+ Kf5 72. Qf8+ Ke5 73. Qf4+ Kd5 74. Qf3+ Qe4 75. Qb3+ Kc5 76.
Qc3+ Kd6 77. Qf6+ Kc7 78. Qg7+ Kd6 79. Qf6+ Qe6 80. Qd4+ Kc6 81. Qc3+ Kb7 82.
Qg7+ Kb8 83. Qh8+ Kc7 84. Qg7+ Kc8 85. Qh8+ Kd7 86. Qg7+ Ke8 87. Qh8+ Ke7 88.
Qg7+ Qf7 89. Qe5+ Kd7 90. Qb5+ Kc7 91. Qe5+ Kc8 92. Qh8+ Kb7 93. Kg4 Kc7 94.
Qe5+ Kc6 {...} 1/2-1/2

[Event "NB2 Szechenyi csoport"]
[Site "Zalaegerszeg"]
[Date "2024.11.17"]
[Round "2.8"]
[White "Borocz, Lorinc"]
[Black "Gyurika, Tamas"]
[Result "1-0"]
[WhiteElo "1981"]
[BlackElo "1950"]
[PlyCount "80"]
[EventDate "2024.11.03"]
[EventType "team-tourn"]
[EventRounds "11"]
[EventCountry "HUN"]
[Source "chess.hu"]
[SourceDate "2024.11.17"]
[WhiteTeam "Z.Csuti-Hydrocomp SK"]
[BlackTeam "Soproni MAFC"]
[WhiteTeamCountry "HUN"]
[BlackTeamCountry "HUN"]

1. e4 e5 2. Nf3 Nc6 3. d4 exd4 4. Nxd4 Bc5 5. Nb3 Bb6 6. Nc3 Nge7 7. Qe2 d6 8.
Be3 Be6 9. O-O-O Ng6 10. Qd2 Qf6 11. f3 h6 12. Bb5 O-O-O 13. Bxc6 bxc6 14. Kb1
Ne5 15. Bd4 Bc4 16. a4 Bxb3 17. cxb3 Bxd4 18. Qxd4 c5 19. Qe3 Qe6 20. Nd5 Nc6
21. Qc3 a5 22. Qc4 Kd7 23. Rhe1 Rb8 24. f4 Rb7 25. e5 Qg6+ 26. Ka2 Rb4 27. Qc3
Re8 28. exd6 Rxe1 29. Rxe1 cxd6 30. Qe3 Rb8 31. g3 Qf5 32. Rd1 Qc2 33. Rd2 Qc1
34. Nb6+ Kc7 35. Nd5+ Kd8 36. Qc3 Qe1 37. Qxg7 Nb4+ 38. Nxb4 Qxd2 39. Nc6+ Kc7
40. Nxb8 Kxb8 1-0

[Event "NB2 Szechenyi csoport"]
[Site "Zalaegerszeg"]
[Date "2024.11.17"]
[Round "2.9"]
[White "Kovacs, Dezso"]
[Black "Balogh, Marton"]
[Result "0-1"]
[WhiteElo "1891"]
[BlackElo "1973"]
[PlyCount "46"]
[EventDate "2024.11.03"]
[EventType "team-tourn"]
[EventRounds "11"]
[EventCountry "HUN"]
[Source "chess.hu"]
[SourceDate "2024.11.17"]
[WhiteTeam "Soproni MAFC"]
[BlackTeam "Z.Csuti-Hydrocomp SK"]
[WhiteTeamCountry "HUN"]
[BlackTeamCountry "HUN"]

1. c4 Nf6 2. Nc3 e6 3. e3 d5 4. d4 c6 5. Nf3 Nbd7 6. Be2 Bd6 7. O-O O-O 8. b3
Ne4 9. Bb2 b6 10. Qc2 Nxc3 11. Bxc3 Bb7 12. Rac1 f5 13. b4 Qe7 14. b5 dxc4 15.
bxc6 Bxc6 16. Bxc4 Bxf3 17. gxf3 Bxh2+ 18. Kxh2 Qh4+ 19. Kg2 Qg5+ 20. Kh2 Rf6
21. Bxe6+ Kh8 22. Bxf5 Rh6+ 23. Bh3 Qh5 0-1

[Event "NB2 Szechenyi csoport"]
[Site "Zalaegerszeg"]
[Date "2024.11.17"]
[Round "2.10"]
[White "Preisz, Balazs"]
[Black "Samson, Marton"]
[Result "1-0"]
[WhiteElo "1953"]
[BlackElo "1637"]
[PlyCount "39"]
[EventDate "2024.11.03"]
[EventType "team-tourn"]
[EventRounds "11"]
[EventCountry "HUN"]
[Source "chess.hu"]
[SourceDate "2024.11.17"]
[WhiteTeam "Z.Csuti-Hydrocomp SK"]
[BlackTeam "Soproni MAFC"]
[WhiteTeamCountry "HUN"]
[BlackTeamCountry "HUN"]

1. e4 g6 2. d4 Bg7 3. Nf3 d6 4. h3 Nf6 5. Nc3 O-O 6. Be3 e5 7. d5 Nbd7 8. Bd3
Ne8 9. g4 Nb6 10. Qd2 Bd7 11. O-O-O f5 12. gxf5 gxf5 13. exf5 Bxf5 14. Bxf5
Rxf5 15. Qe2 Nc4 16. Qxc4 Rxf3 17. Qg4 Qf6 18. Ne4 Qf5 19. Ng5 Nf6 20. Qxf3 1-0

[Event "NB2 Szechenyi csoport"]
[Site "Zalaegerszeg"]
[Date "2024.11.17"]
[Round "2.11"]
[White "Gyurika, Roland"]
[Black "Korcz, Sandor"]
[Result "1-0"]
[WhiteElo "1656"]
[BlackElo "1890"]
[PlyCount "105"]
[EventDate "2024.11.03"]
[EventType "team-tourn"]
[EventRounds "11"]
[EventCountry "HUN"]
[Source "chess.hu"]
[SourceDate "2024.11.17"]
[WhiteTeam "Soproni MAFC"]
[BlackTeam "Z.Csuti-Hydrocomp SK"]
[WhiteTeamCountry "HUN"]
[BlackTeamCountry "HUN"]

1. d3 g6 2. c3 Bg7 3. g3 d5 4. Bg2 Nf6 5. Nd2 Nbd7 6. Qc2 c6 7. b4 Qb6 8. a3
Ng4 9. e3 Nde5 10. d4 Bf5 11. e4 dxe4 12. Bxe4 Bxe4 13. Qxe4 f5 14. Qe2 Nf7 15.
Nc4 Qd8 16. Nf3 Qd5 17. O-O O-O 18. Ne3 Nxe3 19. Bxe3 Rfe8 20. Rad1 Qb3 21. Ng5
Nxg5 22. Bxg5 h6 23. Bf4 e5 24. dxe5 g5 25. Bxg5 hxg5 26. Rd7 Rxe5 27. Rxg7+
Kxg7 28. Qxe5+ Kg6 29. Re1 Rd8 30. Kg2 g4 31. h3 gxh3+ 32. Kxh3 Qc4 33. a4 a6
34. a5 Qb3 35. g4 Rd3+ 36. Kh4 Qf7 37. gxf5+ Kh6 38. Qe6+ Kg7 39. Qxf7+ Kxf7
40. Kg5 Rxc3 41. f6 c5 42. Re7+ Kf8 43. Kg6 Rc1 44. bxc5 Rg1+ 45. Kf5 Rb1 46.
f4 Rb2 47. Ke5 Rb4 48. f5 Rb1 49. Kd6 Rb2 50. Rc7 Rd2+ 51. Ke6 Re2+ 52. Kd7
Rd2+ 53. Kc8 1-0

[Event "NB2 Szechenyi csoport"]
[Site "Zalaegerszeg"]
[Date "2024.11.17"]
[Round "2.12"]
[White "Nagy, Benedek"]
[Black "Halmai, Florian Dr"]
[Result "1-0"]
[WhiteElo "1837"]
[BlackElo "1622"]
[PlyCount "53"]
[EventDate "2024.11.03"]
[EventType "team-tourn"]
[EventRounds "11"]
[EventCountry "HUN"]
[Source "chess.hu"]
[SourceDate "2024.11.17"]
[WhiteTeam "Z.Csuti-Hydrocomp SK"]
[BlackTeam "Soproni MAFC"]
[WhiteTeamCountry "HUN"]
[BlackTeamCountry "HUN"]

1. e4 e5 2. Nf3 Nc6 3. Bc4 h6 4. c3 Nf6 5. d3 Bc5 6. b4 Bb6 7. a4 d5 8. exd5
Ng4 9. O-O Nxf2 10. Rxf2 Bxf2+ 11. Kxf2 Nb8 12. Nbd2 Bg4 13. h3 Bxf3 14. Nxf3
Qf6 15. Qe2 Nd7 16. d4 O-O-O 17. dxe5 Qe7 18. a5 g5 19. Ba3 Kb8 20. b5 Qe8 21.
d6 cxd6 22. Bxd6+ Kc8 23. a6 Nb6 24. axb7+ Kxb7 25. Qe4+ Kc8 26. Rxa7 Rd7 27.
Ra8+ 1-0

[Event "NB2 Szechenyi csoport"]
[Site "Aszar"]
[Date "2024.12.01"]
[Round "3.1"]
[White "Nagy, Kristof"]
[Black "Sebestyen, Gabor"]
[Result "1/2-1/2"]
[WhiteElo "2147"]
[BlackElo "2178"]
[PlyCount "87"]
[GameId "2119381170813984"]
[EventDate "2024.11.03"]
[EventType "team-tourn"]
[EventRounds "11"]
[EventCountry "HUN"]
[Source "chess.hu"]
[WhiteTeam "Z.Csuti-Hydrocomp SK"]
[BlackTeam "SE Kisber-Aszar"]
[WhiteTeamCountry "HUN"]
[BlackTeamCountry "HUN"]

1. d4 Nf6 2. Nf3 d5 3. Bf4 c5 4. e3 Nc6 5. c3 Qb6 6. Qb3 c4 7. Qc2 Bf5 8. Qc1 h6 9. Nbd2 Nh5 10. Bg3 Nxg3 11. hxg3 e6 12. e4 Bg6 13. exd5 exd5 14. Be2 Qd8 15. O-O Be7 16. Re1 O-O 17. Bd1 Bf6 18. Bc2 Bxc2 19. Qxc2 Qd7 20. Nf1 b5 21. Ne3 g6 22. Nh2 Rfe8 23. Nhg4 Bg7 24. Rad1 h5 25. Nh2 Re4 26. f3 Re7 27. Qf2 Rae8 28. f4 Re4 29. Nf3 Bh6 30. Ne5 Qe6 31. Nc2 Ne7 32. Rxe4 dxe4 33. d5 Nxd5 34. Qxa7 Qb6+ 35. Qxb6 Nxb6 36. Nd4 Bg7 37. Nxb5 Bxe5 38. fxe5 Rxe5 39. Nd4 Na4 40. Rd2 Nc5 41. Nc6 Re6 42. Na5 e3 43. Re2 Re4 44. b3 1/2-1/2

[Event "NB2 Szechenyi csoport"]
[Site "Aszar"]
[Date "2024.12.01"]
[Round "3.2"]
[White "Sarok, Peter"]
[Black "Schroter, Tamas"]
[Result "0-1"]
[WhiteElo "2027"]
[BlackElo "2220"]
[PlyCount "72"]
[GameId "2119381209836598"]
[EventDate "2024.11.03"]
[EventType "team-tourn"]
[EventRounds "11"]
[EventCountry "HUN"]
[Source "chess.hu"]
[WhiteTeam "SE Kisber-Aszar"]
[BlackTeam "Z.Csuti-Hydrocomp SK"]
[WhiteTeamCountry "HUN"]
[BlackTeamCountry "HUN"]

1. Nf3 Nf6 2. c4 e6 3. g3 d5 4. d4 Be7 5. Bg2 O-O 6. O-O b6 7. cxd5 exd5 8. Nc3 Bb7 9. Bf4 Na6 10. Qa4 Qd7 11. Qxd7 Nxd7 12. Ne5 Nxe5 13. Bxe5 Rad8 14. Rfc1 f6 15. Bf4 g5 16. Be3 f5 17. f4 g4 18. h3 h5 19. a3 c6 20. Nd1 Rf6 21. Bd2 Nc7 22. Nf2 Re6 23. e3 Ba6 24. Rc3 Bf6 25. b4 Bc4 26. Bf1 Bxf1 27. Rxf1 Nb5 28. Rb3 Nd6 29. hxg4 hxg4 30. Bc1 Kg7 31. Kg2 Nc4 32. Rh1 Rde8 33. Nd1 b5 34. Kf2 Bxd4 35. Rh5 Bf6 36. Rxf5 Kg6 0-1

[Event "NB2 Szechenyi csoport"]
[Site "Aszar"]
[Date "2024.12.01"]
[Round "3.3"]
[White "Horvath, Sandor"]
[Black "Somody, Robert"]
[Result "1/2-1/2"]
[WhiteElo "2195"]
[BlackElo "2002"]
[PlyCount "65"]
[GameId "2119381246344262"]
[EventDate "2024.11.03"]
[EventType "team-tourn"]
[EventRounds "11"]
[EventCountry "HUN"]
[Source "chess.hu"]
[WhiteTeam "Z.Csuti-Hydrocomp SK"]
[BlackTeam "SE Kisber-Aszar"]
[WhiteTeamCountry "HUN"]
[BlackTeamCountry "HUN"]

1. e4 c6 2. d4 d5 3. Nc3 dxe4 4. Nxe4 Bf5 5. Ng3 Bg6 6. f4 e6 7. Nf3 Nd7 8. h4 h6 9. h5 Bh7 10. Bd3 Bxd3 11. Qxd3 Qc7 12. Bd2 O-O-O 13. Ne4 Ngf6 14. O-O-O Nxe4 15. Qxe4 Nf6 16. Qe2 c5 17. dxc5 Bxc5 18. Ne5 Rhe8 19. Be3 Bxe3+ 20. Qxe3 Kb8 21. g3 Nd5 22. Qe4 f6 23. Nf3 Qa5 24. Kb1 Rc8 25. c4 Qb4 26. Rc1 Nb6 27. b3 Na4 28. Qe1 Qb6 29. Rh2 Nc5 30. Qe3 Red8 31. Rd2 Rxd2 32. Nxd2 Rd8 33. Ne4 1/2-1/2

[Event "NB2 Szechenyi csoport"]
[Site "Aszar"]
[Date "2024.12.01"]
[Round "3.4"]
[White "Horvath, Jozsef M"]
[Black "Farkas, Zsolt"]
[Result "0-1"]
[WhiteElo "1970"]
[BlackElo "2117"]
[PlyCount "142"]
[GameId "2119381542460502"]
[EventDate "2024.11.03"]
[EventType "team-tourn"]
[EventRounds "11"]
[EventCountry "HUN"]
[Source "chess.hu"]
[WhiteTeam "SE Kisber-Aszar"]
[BlackTeam "Z.Csuti-Hydrocomp SK"]
[WhiteTeamCountry "HUN"]
[BlackTeamCountry "HUN"]

1. d4 f5 2. g3 g6 3. Bg2 Nf6 4. c3 Bg7 5. Qb3 d5 6. Nh3 O-O 7. O-O c6 8. Nd2 Qe8 9. c4 e6 10. a4 h6 11. Nf3 Nbd7 12. Ne5 Nxe5 13. dxe5 Nd7 14. f4 Rf7 15. Be3 Bf8 16. cxd5 exd5 17. Rac1 Nb6 18. Bxb6 axb6 19. Qxb6 Rxa4 20. Nf2 Rb4 21. Qe3 Rxb2 22. Nd3 Rb5 23. Rb1 Rxb1 24. Rxb1 Be6 25. Qb6 Qa8 26. Bf1 Rd7 27. e3 Qa3 28. Kf2 Be7 29. Be2 Kf7 30. Rc1 Bd8 31. Qd4 Be7 32. Ra1 c5 33. Rxa3 cxd4 34. Ra1 dxe3+ 35. Kxe3 d4+ 36. Kd2 Bd5 37. Rb1 Bd8 38. Ra1 Rc7 39. Bd1 b5 40. h3 Be7 41. g4 Rc3 42. gxf5 gxf5 43. Ra7 Ke6 44. Ra6+ Rc6 45. Ra1 Kd7 46. Rb1 Bc4 47. Bc2 Rg6 48. Rh1 Rg2+ 49. Kd1 Ke6 50. Ne1 Be2+ 51. Kc1 Ba3+ 52. Kb1 Rg3 53. Rh2 Bc4 54. Rg2 Rxg2 55. Nxg2 Bd5 56. Ne1 Bb4 57. Nd3 Bd2 58. Nc5+ Ke7 59. Bxf5 Bxf4 60. Nd3 Bxe5 61. Nxe5 Kf6 62. Bd3 Kxe5 63. Bxb5 Bg2 64. Bd7 Be4+ 65. Kc1 Bf5 66. Bxf5 Kxf5 67. Kd2 Ke4 68. Ke2 h5 69. Kd2 h4 70. Ke2 Kf4 71. Kd3 Kg3 0-1

[Event "NB2 Szechenyi csoport"]
[Site "Aszar"]
[Date "2024.12.01"]
[Round "3.5"]
[White "Boronyak, Arpad"]
[Black "Brayer, Janos"]
[Result "1-0"]
[WhiteElo "2033"]
[BlackElo "1935"]
[PlyCount "63"]
[GameId "2119381951933656"]
[EventDate "2024.11.03"]
[EventType "team-tourn"]
[EventRounds "11"]
[EventCountry "HUN"]
[Source "chess.hu"]
[WhiteTeam "Z.Csuti-Hydrocomp SK"]
[BlackTeam "SE Kisber-Aszar"]
[WhiteTeamCountry "HUN"]
[BlackTeamCountry "HUN"]

1. e4 c5 2. Nc3 g6 3. f4 Bg7 4. Nf3 Nc6 5. g3 d6 6. Bg2 e6 7. O-O Nge7 8. d3 Rb8 9. Be3 Nd4 10. Rb1 Qa5 11. Nd2 b5 12. a3 O-O 13. Ne2 d5 14. c3 Nxe2+ 15. Qxe2 d4 16. Bf2 Bd7 17. e5 Nc6 18. Ne4 b4 19. axb4 cxb4 20. cxd4 Ne7 21. Ra1 Qc7 22. Rfc1 Nc6 23. Nc5 Rb6 24. d5 exd5 25. Bxd5 Ne7 26. Bf3 Bb5 27. Ne6 Qxc1+ 28. Rxc1 Rxe6 29. Bxa7 Rd8 30. Be4 f5 31. exf6 Bxf6 32. Bd5 1-0

[Event "NB2 Szechenyi csoport"]
[Site "Aszar"]
[Date "2024.12.01"]
[Round "3.6"]
[White "Salamon, Peter"]
[Black "Forgo, Eva"]
[Result "1/2-1/2"]
[WhiteElo "1999"]
[BlackElo "2025"]
[PlyCount "43"]
[GameId "2119381910863048"]
[EventDate "2024.11.03"]
[EventType "team-tourn"]
[EventRounds "11"]
[EventCountry "HUN"]
[Source "chess.hu"]
[WhiteTeam "SE Kisber-Aszar"]
[BlackTeam "Z.Csuti-Hydrocomp SK"]
[WhiteTeamCountry "HUN"]
[BlackTeamCountry "HUN"]

1. e4 e5 2. Nf3 Nc6 3. Bb5 a6 4. Ba4 Nf6 5. Nc3 d6 6. d3 Be7 7. h3 O-O 8. Bg5 h6 9. Be3 Be6 10. Bb3 Bxb3 11. axb3 d5 12. exd5 Nxd5 13. Bd2 f5 14. O-O Bf6 15. Nxd5 Qxd5 16. Bc3 Rae8 17. Re1 Re7 18. Qd2 Rfe8 19. Kf1 Kh7 20. Re2 Qd6 21. Rd1 Nd4 22. Bxd4 1/2-1/2

[Event "NB2 Szechenyi csoport"]
[Site "Aszar"]
[Date "2024.12.01"]
[Round "3.7"]
[White "Borocz, Lorinc"]
[Black "Gonczol, Gabor"]
[Result "1/2-1/2"]
[WhiteElo "1999"]
[BlackElo "1955"]
[PlyCount "44"]
[GameId "2119381877931192"]
[EventDate "2024.11.03"]
[EventType "team-tourn"]
[EventRounds "11"]
[EventCountry "HUN"]
[Source "chess.hu"]
[WhiteTeam "Z.Csuti-Hydrocomp SK"]
[BlackTeam "SE Kisber-Aszar"]
[WhiteTeamCountry "HUN"]
[BlackTeamCountry "HUN"]

1. e4 e5 2. Nf3 Nc6 3. d4 exd4 4. Nxd4 Nf6 5. Nxc6 bxc6 6. e5 Qe7 7. Qe2 Nd5 8. h4 d6 9. c4 Nb6 10. exd6 Qxe2+ 11. Bxe2 cxd6 12. O-O Be6 13. b3 Be7 14. Bb2 O-O 15. g3 d5 16. cxd5 cxd5 17. Nd2 Rfc8 18. Rac1 a5 19. Nf3 a4 20. Rxc8+ Nxc8 21. Ra1 axb3 22. axb3 Rb8 1/2-1/2

[Event "NB2 Szechenyi csoport"]
[Site "Aszar"]
[Date "2024.12.01"]
[Round "3.8"]
[White "Farkas, Ferenc"]
[Black "Balogh, Marton"]
[Result "1/2-1/2"]
[WhiteElo "1876"]
[BlackElo "1981"]
[PlyCount "30"]
[GameId "2119381839457446"]
[EventDate "2024.11.03"]
[EventType "team-tourn"]
[EventRounds "11"]
[EventCountry "HUN"]
[Source "chess.hu"]
[WhiteTeam "SE Kisber-Aszar"]
[BlackTeam "Z.Csuti-Hydrocomp SK"]
[WhiteTeamCountry "HUN"]
[BlackTeamCountry "HUN"]

1. d4 d5 2. c4 e6 3. Nf3 Nf6 4. g3 c6 5. Bg2 Nbd7 6. Qc2 Be7 7. O-O O-O 8. Nbd2 b6 9. e4 dxe4 10. Ng5 Bb7 11. Ngxe4 Nxe4 12. Nxe4 Nf6 13. Be3 Nxe4 14. Bxe4 f5 15. Bg2 Qd7 1/2-1/2

[Event "NB2 Szechenyi csoport"]
[Site "Aszar"]
[Date "2024.12.01"]
[Round "3.9"]
[White "Preisz, Balazs"]
[Black "Erdei, Lajos Jr."]
[Result "0-1"]
[WhiteElo "1956"]
[BlackElo "1936"]
[PlyCount "86"]
[GameId "2119381743754390"]
[EventDate "2024.11.03"]
[EventType "team-tourn"]
[EventRounds "11"]
[EventCountry "HUN"]
[Source "chess.hu"]
[WhiteTeam "Z.Csuti-Hydrocomp SK"]
[BlackTeam "SE Kisber-Aszar"]
[WhiteTeamCountry "HUN"]
[BlackTeamCountry "HUN"]

1. e4 Nf6 2. Nc3 d5 3. exd5 Nxd5 4. Nxd5 Qxd5 5. Nf3 e5 6. d3 Nc6 7. Be2 Bg4 8. O-O O-O-O 9. Be3 Bc5 10. Bxc5 Qxc5 11. Ng5 Bxe2 12. Qxe2 Qe7 13. Nf3 f6 14. a3 g5 15. c3 Rhe8 16. Rfe1 Qd7 17. Red1 Re6 18. b4 Rd6 19. Ne1 Ne7 20. Ra2 Nd5 21. Rc2 Nf4 22. Qf3 Nxd3 23. Nxd3 Rxd3 24. Rxd3 Qxd3 25. Qxd3 Rxd3 26. Kf1 Rd1+ 27. Ke2 Ra1 28. Kf3 Rxa3 29. Kg4 Ra6 30. Kh5 Rd6 31. Kh6 Rd7 32. Re2 b6 33. b5 Kb7 34. Ra2 c6 35. bxc6+ Kxc6 36. Kh5 Kc5 37. Kg4 a5 38. Kf5 Rd6 39. Re2 b5 40. g4 Kc4 41. Re3 a4 42. Rh3 a3 43. Rxh7 Kxc3 0-1

[Event "NB2 Szechenyi csoport"]
[Site "Aszar"]
[Date "2024.12.01"]
[Round "3.10"]
[White "Malomsoki, Laszlo"]
[Black "Nemeth, Jozsef"]
[Result "0-1"]
[WhiteElo "1820"]
[BlackElo "1956"]
[PlyCount "144"]
[GameId "2119381701311622"]
[EventDate "2024.11.03"]
[EventType "team-tourn"]
[EventRounds "11"]
[EventCountry "HUN"]
[Source "chess.hu"]
[WhiteTeam "SE Kisber-Aszar"]
[BlackTeam "Z.Csuti-Hydrocomp SK"]
[WhiteTeamCountry "HUN"]
[BlackTeamCountry "HUN"]

1. d4 d5 2. e3 c6 3. c4 e6 4. Nc3 Nf6 5. Nf3 Bd6 6. Bd3 Nbd7 7. O-O O-O 8. e4 dxe4 9. Nxe4 Nxe4 10. Bxe4 h6 11. Bc2 Nf6 12. b3 b6 13. Bb2 Bb7 14. Qe2 c5 15. Rad1 Qe7 16. Rfe1 Rfe8 17. Ne5 Rad8 18. dxc5 Bxc5 19. h4 Rxd1 20. Rxd1 Rd8 21. Rd3 Rxd3 22. Bxd3 Qd6 23. Ng4 Qf4 24. Bxf6 gxf6 25. Ne3 Qxh4 26. Qg4+ Qg5 27. Qxg5+ fxg5 28. Nc2 a5 29. a3 e5 30. b4 axb4 31. axb4 Be7 32. Bf5 Kg7 33. b5 Kf6 34. Bd7 Bc5 35. Kf1 Ke7 36. Bf5 Kd6 37. f3 Bd4 38. Ke2 Bc5 39. Ne1 Kc7 40. Nd3 Bd4 41. Nb4 Bc8 42. Be4 f5 43. Bd5 Kd6 44. Kd3 h5 45. Bf7 h4 46. Bg6 Be6 47. Na6 Bc8 48. Nb8 Ke6 49. Na6 Bd7 50. Nb8 Kf6 51. Bh5 Be6 52. Nc6 Bc5 53. Nd8 Bg8 54. Nb7 Be7 55. Be8 g4 56. fxg4 fxg4 57. Bc6 Bh7+ 58. Ke3 Kg5 59. Bd5 e4 60. Be6 Bf5 61. Bd5 h3 62. gxh3 gxh3 63. Kf2 Kf4 64. c5 bxc5 65. Kg1 Kg3 66. b6 h2+ 67. Kh1 c4 68. Na5 c3 69. Nb3 c2 70. b7 Bd6 71. Nc1 Kf2 72. Bc6 Ke3 0-1

[Event "NB2 Szechenyi csoport"]
[Site "Aszar"]
[Date "2024.12.01"]
[Round "3.11"]
[White "Korcz, Sandor"]
[Black "Horvath, Armin"]
[Result "1-0"]
[WhiteElo "1874"]
[BlackElo "1711"]
[PlyCount "65"]
[GameId "2119381646232694"]
[EventDate "2024.11.03"]
[EventType "team-tourn"]
[EventRounds "11"]
[EventCountry "HUN"]
[Source "chess.hu"]
[WhiteTeam "Z.Csuti-Hydrocomp SK"]
[BlackTeam "SE Kisber-Aszar"]
[WhiteTeamCountry "HUN"]
[BlackTeamCountry "HUN"]

1. Nf3 d5 2. g3 Nf6 3. Bg2 c5 4. c3 Bf5 5. O-O e6 6. d4 Nc6 7. h3 h5 8. Qa4 Nd7 9. Nbd2 Nb6 10. Qd1 cxd4 11. Nxd4 Nxd4 12. cxd4 Be7 13. Nb1 g5 14. Nc3 Bg6 15. e4 dxe4 16. Nxe4 f5 17. Nc5 Bxc5 18. dxc5 Nd5 19. Qe2 Bf7 20. Bxg5 Qxg5 21. Bxd5 Qe7 22. Qe5 Rg8 23. Rfe1 Rg6 24. c6 b6 25. c7 Rc8 26. Rac1 h4 27. Bb7 hxg3 28. fxg3 Qh4 29. Kh2 Qb4 30. Bxc8 Qd2+ 31. Qe2 Qd6 32. Bd7+ Ke7 33. c8=N+ 1-0